... [gréčtina] Sapientissimi Cvropalatae, De Officialibus Palatii Constantinopolitani, et officiis magnae Ecclesiae. Libellus Graece et Latine nunc primùm in lucem editus, ad historiae ciuilis, Ecclesiasticae, et totius antiquitatis inteligentiam perutilis et necessarius. Ex bibliotheca viri clariss, et consultiss. Ivlii Pacii I. V. D. Additus in fine Notarvm libellus. Cum Indice rerum et verborum locupletiss

Bibliographic Details
Main Author: Codinus, Georgius (Author)
Corporate Author: Mareschall, Jean (Lyon, Francúzsko) (Printer)
Other Authors: Mareschall, Jean, asi 1510-1590 (Printer)
Format: Book
Language:Greek, Ancient (to 1453)
Latin
PhysicalDescription:9 nečíslovaných strán, 425 strán 17,5 cm
Subjects:

MARC

LEADER 00000nam a2200000 4500
001 vtls011972989
003 SK-MaSNL
005 20260302023652.0
008 251112s1588 fr a f 011 0 grc
015 |a SNBHFA1588 
035 |a urn:nbn:sk:snk-am00g2d0 
035 |a urn:nbn:sk:snk-am3ivts 
035 |a 9D0CA4CF-C2AC-4EF8-9DBE-13A98DE1A960 
040 |a SNKHF  |b slo  |c SNKHF  |e rda 
041 0 |a grc  |a lat 
044 |a fr  |c FR 
072 7 |a 94(3)  |x Dejiny krajín starovekého sveta  |2 konspekt 
072 7 |a 094  |x Staré tlače  |2 konspekt 
080 |a 94(3)  |2 2011 
080 |a 094  |2 2011 
100 1 |a Codinus, Georgius  |4 aut  |9 670740 
245 1 0 |a ... [gréčtina] Sapientissimi Cvropalatae, De Officialibus Palatii Constantinopolitani, et officiis magnae Ecclesiae. Libellus Graece et Latine nunc primùm in lucem editus, ad historiae ciuilis, Ecclesiasticae, et totius antiquitatis inteligentiam perutilis et necessarius. Ex bibliotheca viri clariss, et consultiss. Ivlii Pacii I. V. D. Additus in fine Notarvm libellus. Cum Indice rerum et verborum locupletiss 
264 3 |a [Lyon]  |b Apud Ioannem Mareschallum Lugdunensem  |c MDLXXXVIII (1588) 
300 |a 9 nečíslovaných strán, 425 strán  |c 17,5 cm 
336 |a text  |b txt  |2 rdacontent 
337 |a bez média  |b n  |2 rdamedia 
338 |a zväzok  |b nc  |2 rdacarrier 
500 |a Signet, vlysy, iniciálky s ornamentálnym pozadím vo voľnom priestore na 3 a 4 riadky, kustody 
504 |a Tlačené marginálie 
508 |a Dedikácia: Nadabus, Agmonius;, Frankfurt am Main - senát mesta 
510 4 |a FRBNF  |c 30253927 
510 4 |a BM Lyon  |c SJ ID 224/113 
510 4 |a Adams  |c C/2300 
546 |a Grécky text  |b Kurzíva 
546 |a Latinský text  |b Antikva 
550 |a Miesto vydania doplnené podľa: Tlače 16. storočia nitrianskeho kraja ... Fábryová č. 140 
563 |a Väzba: pôvodná, bledá hladká koža.  |5 SNK ID 101813 
650 0 7 |a starovek  |2 SNKPH  |9 4258 
650 0 7 |a staré tlače  |2 SNKPH  |9 51683 
700 1 |a Nadabus, Agmonius  |4 hnr  |9 670741 
700 1 |a Mareschall, Jean,  |d asi 1510-1590  |4 prt  |9 670742 
710 0 |a Mareschall, Jean (Lyon, Francúzsko)  |4 prt  |9 670743 
710 2 |a Aponiovská knižnica (Oponice, Slovensko)  |4 fmo  |9 193890 
710 2 |a Frankfurt nad Mohanom - senát mesta  |4 hnr  |9 670744 
752 |a Francúzsko  |d Lyon 
852 |a snk  |b Aponiovská knižnica  |p ID 101813 
958 |a ONDV 
958 |a DA 
999 |c 1037437  |d 1039367 
952 |t Op. XX/18  |a SNK  |b SNK  |c SNK_HF  |y PREZ  |7 0  |p 17A1413551  |o snkID 101813  |i snk2020/10013  |8 5  |0 0  |1 0  |4 0  |d 2020-06-10  |f 1  |l 0  |r 2026-02-24 14:13:37  |w 2026-02-24